<?xml version="1.0" encoding="UTF-8"?>
<record
    xmlns:xsi="http://www.w3.org/2001/XMLSchema-instance"
    xsi:schemaLocation="http://www.loc.gov/MARC21/slim http://www.loc.gov/standards/marcxml/schema/MARC21slim.xsd"
    xmlns="http://www.loc.gov/MARC21/slim">

  <leader>00671nam  22002053  4500</leader>
  <controlfield tag="001">202598</controlfield>
  <datafield tag="021" ind1=" " ind2=" ">
    <subfield code="a">PT</subfield>
    <subfield code="b">24982/89</subfield>
  </datafield>
  <datafield tag="090" ind1=" " ind2=" ">
    <subfield code="a">202598</subfield>
  </datafield>
  <datafield tag="100" ind1=" " ind2=" ">
    <subfield code="a">20260616d        u||y0pory50      ba</subfield>
  </datafield>
  <datafield tag="200" ind1=" " ind2=" ">
    <subfield code="a">Introdu&#xE7;&#xE3;o &#xE0; literatura comparada</subfield>
    <subfield code="f">Gerhard R. Kaiser</subfield>
    <subfield code="g">tradu&#xE7;&#xE3;o de  Teresa Alegre</subfield>
  </datafield>
  <datafield tag="210" ind1=" " ind2=" ">
    <subfield code="a">Lisboa </subfield>
    <subfield code="c">Funda&#xE7;&#xE3;o Calouste Gulbenkian</subfield>
    <subfield code="d">imp. 1989</subfield>
  </datafield>
  <datafield tag="215" ind1=" " ind2=" ">
    <subfield code="a">505, [7] p.</subfield>
    <subfield code="c">brochado</subfield>
    <subfield code="d">19 cm </subfield>
  </datafield>
  <datafield tag="225" ind1=" " ind2=" ">
    <subfield code="a">Manuais universit&#xE1;rios</subfield>
  </datafield>
  <datafield tag="606" ind1=" " ind2=" ">
    <subfield code="9">3661</subfield>
    <subfield code="a">Cr&#xED;tica Liter&#xE1;ria.Estudos Liter&#xE1;rios</subfield>
  </datafield>
  <datafield tag="675" ind1=" " ind2=" ">
    <subfield code="a">82.09</subfield>
    <subfield code="v">PT</subfield>
    <subfield code="z">por</subfield>
  </datafield>
  <datafield tag="700" ind1=" " ind2=" ">
    <subfield code="9">17533</subfield>
    <subfield code="a">Kaisser</subfield>
    <subfield code="b">Gerhard R.</subfield>
    <subfield code="f">1943-</subfield>
  </datafield>
  <datafield tag="702" ind1=" " ind2=" ">
    <subfield code="9">17534</subfield>
    <subfield code="a">Alegre  </subfield>
    <subfield code="b">Teresa </subfield>
    <subfield code="f">1961-</subfield>
  </datafield>
  <datafield tag="801" ind1=" " ind2=" ">
    <subfield code="a">PT</subfield>
    <subfield code="b">BMMN</subfield>
    <subfield code="g">RPC</subfield>
  </datafield>
  <datafield tag="830" ind1=" " ind2=" ">
    <subfield code="c">Vanda</subfield>
  </datafield>
  <datafield tag="990" ind1=" " ind2=" ">
    <subfield code="c">LIVROS</subfield>
  </datafield>
  <datafield tag="995" ind1=" " ind2=" ">
    <subfield code="0">0</subfield>
    <subfield code="2">0</subfield>
    <subfield code="5">2026-06-16</subfield>
    <subfield code="9">32384</subfield>
    <subfield code="b">BMMN</subfield>
    <subfield code="f">32099</subfield>
    <subfield code="k">82.09 KAI|DEP</subfield>
    <subfield code="o">0</subfield>
    <subfield code="r">LIVROS</subfield>
    <subfield code="s">Oferta</subfield>
  </datafield>
</record>
